Hindu Mythology Quiz Book/ (Record no. 64337)
[ view plain ]
| 000 -LEADER | |
|---|---|
| fixed length control field | 00527nam a22001577a 4500 |
| 005 - DATE AND TIME OF LATEST TRANSACTION | |
| control field | 20120214105859.0 |
| 020 ## - INTERNATIONAL STANDARD BOOK NUMBER | |
| International Standard Book Number | 818832275 |
| Terms of availability | 250.00 |
| 035 ## - SYSTEM CONTROL NUMBER | |
| System control number | B-166012 |
| 037 ## - SOURCE OF ACQUISITION | |
| Stock number | dpl |
| 100 ## - MAIN ENTRY--PERSONAL NAME | |
| Personal name | Dixit,Pankaj |
| 245 ## - TITLE STATEMENT | |
| Title | Hindu Mythology Quiz Book/ |
| Statement of responsibility, etc | Pankaj Dixit |
| 260 ## - PUBLICATION, DISTRIBUTION, ETC. (IMPRINT) | |
| Place of publication, distribution, etc | New Delhi |
| Name of publisher, distributor, etc | Ocean Books Pvt.Ltd. |
| Date of publication, distribution, etc | 2005 |
| 300 ## - PHYSICAL DESCRIPTION | |
| Extent | 188p. |
| Dimensions | 22 cms. |
| 942 ## - ADDED ENTRY ELEMENTS (KOHA) | |
| Source of classification or shelving scheme | Dewey Decimal Classification |
| Item type | English Books |
| Classification part | 230.1 |
| Call number suffix | DIX |
| Withdrawn status | Lost status | Not for loan | Collection code | Home library | Current library | Date acquired | Cost, normal purchase price | Full call number | Barcode | Cost, replacement price | Koha item type |
|---|---|---|---|---|---|---|---|---|---|---|---|
| Non-fiction | Sarojini Nagar | Sarojini Nagar | 24/03/2012 | 250.00 | 230.1 DIX | B-166012 | 250.00 | English Books |
